00568nam a2200157 a 450000100100000000500170001000800410002702000150006804000250008308200150010810000220012324501260014526000610027130000240033271000540035600004194620201002035839.0131023s1986 sp 000 0 spa d a8400064151 aDO-SdBNPbspacBNPHU axxxxbxxxx1 aHilton, Sylvia L.10aWashington Irving: un Romantico entre Europa y América. :bintroducción y bibliografía general /cSylvia L. Hilton. aMadrid, :bCSICbCentro de Estudios Históricos,c1986. ax, 168 p. ;c21 cm.2 aConsejo Superior de Investigaciones Científicas